ბათუმის შოთა რუსთაველის სახელმწიფო უნივერსიტეტის ბიბლიოთეკა

უკვდავი სიმღერა (ბიბ.ჩანაწერი № 42709)

000 -LEADER
fixed length control field 00649nam a2200229Ia 4500
001 - CONTROL NUMBER
control field 9415
003 - CONTROL NUMBER IDENTIFIER
control field GE_BSU
008 - FIXED-LENGTH DATA ELEMENTS--GENERAL INFORMATION
fixed length control field 181216s||||||||xx |||||||||||||| ||und||
040 ## - CATALOGING SOURCE
Transcribing agency GE_BSU
080 ## - UNIVERSAL DECIMAL CLASSIFICATION NUMBER
Universal Decimal Classification number 821.353.1–32
100 ## - MAIN ENTRY--PERSONAL NAME
Personal name მიქავა,ნ.
245 ## - TITLE STATEMENT
Title უკვდავი სიმღერა
245 ## - TITLE STATEMENT
Remainder of title ნოველები
245 ## - TITLE STATEMENT
Statement of responsibility, etc. რედ.რ.გვეტაძე
260 ## - PUBLICATION, DISTRIBUTION, ETC.
Place of publication, distribution, etc. თბილისი
260 ## - PUBLICATION, DISTRIBUTION, ETC.
Name of publisher, distributor, etc. ფედერაცია
260 ## - PUBLICATION, DISTRIBUTION, ETC.
Date of publication, distribution, etc. 1940
300 ## - PHYSICAL DESCRIPTION
Extent 97გვ.16სმ.
653 ## - INDEX TERM--UNCONTROLLED
Uncontrolled term ნოველები
653 ## - INDEX TERM--UNCONTROLLED
Uncontrolled term უკვდავი სიმღერა
942 ## - ADDED ENTRY ELEMENTS (KOHA)
Koha item type წიგნი
ეგზემპლარები
Withdrawn status Lost status Damaged status Not for loan Date acquired Barcode Date last seen Price effective from Koha item type
        2018-12-17 32431 2018-12-17 2018-12-17 წიგნი
        2018-12-17 32432 2018-12-17 2018-12-17 წიგნი
        2018-12-17 32433 2018-12-17 2018-12-17 წიგნი
        2018-12-17 32435 2018-12-17 2018-12-17 წიგნი
        2018-12-17 32436 2018-12-17 2018-12-17 წიგნი
        2018-12-17 32437 2018-12-17 2018-12-17 წიგნი
        2018-12-17 32438 2018-12-17 2018-12-17 წიგნი
        2018-12-17 32434 2018-12-17 2018-12-17 წიგნი